000 00921cad a22001935a 4500
001 L156758
008 120710s2012 xxk f 000 0 eng d
035 _a(Sirsi) u156758
041 0 _aeng
110 2 _aSavills
_92020
245 0 0 _aSpotlight
_hThe world in London
_h[electronic resource]
260 _aLondon
_bSavills
_c2012
520 _aOverseas buyers are increasing active in London's prime resale and new build markets. 34% of all prime residential London resales in 2011 and 65% of new build purchasers were from overseas purchasers. 66% of those purchasing property from overseas intended to live in the property as their main residence.
590 _aKA NTK
651 4 _aLondon
690 _aResidential property
_96266
856 4 0 _uhttps://pdf.euro.savills.co.uk/uk/spotlight-on/spotlight-on-the-world-in-london-july-2012.pdf
_zView the report after free registration at www.savills.co.uk
942 _n0
999 _c114400
_d114400